<?xml version="1.0" encoding="UTF-8"?>
<collection xmlns="http://www.loc.gov/MARC21/slim">
 <record>
  <leader>00754nam a2200241   4500</leader>
  <controlfield tag="001">000015808</controlfield>
  <controlfield tag="003">12192</controlfield>
  <controlfield tag="005">20150812150821.0</controlfield>
  <controlfield tag="008">120605s2000                           sd</controlfield>
  <datafield tag="041" ind1="0" ind2=" ">
   <subfield code="a">11000đ</subfield>
  </datafield>
  <datafield tag="082" ind1="1" ind2=" ">
   <subfield code="a">371.3</subfield>
   <subfield code="b">NG-T</subfield>
  </datafield>
  <datafield tag="100" ind1="0" ind2=" ">
   <subfield code="a">Nguyễn Đức Thành</subfield>
  </datafield>
  <datafield tag="245" ind1="0" ind2="0">
   <subfield code="a">Phương pháp dạy học kĩ thuật nông nghiệp ở trường Trung học cở sở</subfield>
   <subfield code="c">Nguyễn Đức Thành</subfield>
  </datafield>
  <datafield tag="260" ind1=" " ind2=" ">
   <subfield code="a">H.</subfield>
   <subfield code="b">Giáo dục</subfield>
   <subfield code="c">2000</subfield>
  </datafield>
  <datafield tag="774" ind1=" " ind2=" ">
   <subfield code="a">Nguyễn Đức Thành</subfield>
   <subfield code="d">Giáo dục</subfield>
   <subfield code="d">H.</subfield>
   <subfield code="d">2000</subfield>
   <subfield code="g">Tập 1</subfield>
   <subfield code="h">115tr.</subfield>
   <subfield code="t">Đại Cương</subfield>
   <subfield code="w">12196</subfield>
  </datafield>
  <datafield tag="OWN" ind1=" " ind2=" ">
   <subfield code="a">LSP</subfield>
  </datafield>
  <datafield tag="999" ind1=" " ind2=" ">
   <subfield code="a">From the UDN01</subfield>
  </datafield>
  <datafield tag="TYP" ind1=" " ind2=" ">
   <subfield code="a">Monograph</subfield>
  </datafield>
  <datafield tag="TYP" ind1=" " ind2=" ">
   <subfield code="a">Printed language</subfield>
  </datafield>
  <datafield tag="980" ind1=" " ind2=" ">
   <subfield code="a">Mạng thư viện Đại học Đà Nẵng</subfield>
  </datafield>
 </record>
</collection>
